000 nam a22 a 4500
999 _c99528
_d99528
003 BLK
005 20220521123404.0
008 180409b bul|||||r ||||||| ||bul||
010 _aKNG00104536000
020 _a954-9541-58-4
040 _aBLK
041 _aBUL
_cBUL
080 _aСтаробългарски език (ІХ-ХІ в. ). Църковнославянски език (богослужебен ез. на източноправославната църква - руска редакция на старобълг. ез.
_b811.163.1
_x-5(075.8)
_z811.163.1-5(075.8)
100 1 _aМирчев, Кирил Спиридонов
_eпърви автор
_9369262
139 _aМирчев, Кирил Спиридонов
_bМ 68
245 1 0 _aСтаробългарски език
_bКратък грамат. очерк : Учебник за студенти
_cКирил Спиридонов Мирчев.
257 _aBGR
260 _bFaber
_c2000
300 _a144 с.
_c20 см
380 _a80
500 _a1. изд. 1972 на изд. Наука и изкуство.
650 4 _aСтаробългарски език - граматика
_9259074
653 _aстаробългарски език
852 _aЦб 213332
856 4 _qpdf
856 4 _qpdf
942 _cKNG
_n0
_03
944 _aCR
_c01.01.2000
_lф /
_kЦветанка_Енчева
944 _aED
_c14.12.2006
_lф /
999 _d99528